000 01052nam a22001937a 4500
007 cr
008 250508b ||||| |||| 00| 0 spa d
040 _aAR-FvUNAJ
_dAR-FvUNAJ
_eaacr2
110 2 _aArgentina.
_bMinisterio de Salud.
_98604
245 1 0 _a1° Recomendación para el uso de la telemedicina /
_cDirección Nacional de Sistemas de Información en Salud Secretaría de Gobierno de Salud
260 _aBuenos Aires :
_bs.d.,
_c2019.
300 _a17 p.
500 _aGrupo Asesor- Resolución No 21/2019, Artículo 5° Encuentro Entre El Profesional De La Salud Y El Paciente Utilizando Las Tecnologías De La Información Y Comunicación En Tiempo Real. Ministerio De Salud De La Nación
650 0 _2dcs
_912312
_aTELEMEDICINA
710 2 _921472
_aArgentina.
_bMinisterio de Salud.
_bDirección Nacional de Sistemas de Información
856 _uhttps://www.argentina.gob.ar/sites/default/files/anexo_1_recomendacion_uso_de_telemedicina_-_grupo_asesor_1.pdf
942 _2ddc
_cLIBRO DIGI
980 _62
_aVirginia Figueroa
_8
_gCRON CRON
999 _c10921
_d10921